000 00416nam a2200157 4500
008 b fr fre u
020 _a9782725621944
040 _aLB-BrCRDP
082 1 _aG S
_bMarionnette
245 1 0 _aJeu ... Marionnette Mika
_bPoupée marionnette
260 _aParis
_bRetz
650 4 _aJeux
650 4 _aFrançais
942 _cBK
999 _c1684
_d1684